| 000 | 00421nam a2200157 a 4500 | ||
|---|---|---|---|
| 001 | 580 | ||
| 003 | CDMR | ||
| 005 | 20130222132335.0 | ||
| 008 | 130130s2003||||||||||||||||||||||||||||d | ||
| 020 | _a8460794415 | ||
| 040 |
_aCDMR _bcat _cCDMR |
||
| 100 | 1 |
_aEspina-PahÃ, Josep Maria _9429 |
|
| 245 | 1 | 0 |
_aConverses amb Wifredo Espina _b(1968-2003) _cJosep Maria Espina-Pahà |
| 260 |
_aBarcelona _c2003 _b[s.n.] |
||
| 942 |
_cMON _2ddc |
||
| 999 |
_c580 _d580 |
||